Terjemah mawaa'idul usfuriyah : (Record no. 1465)

MARC details
000 -LEADER
fixed length control field 00678nam a2200229 i 4500
001 - CONTROL NUMBER
control field C2-0005191
003 - CONTROL NUMBER IDENTIFIER
control field PPAK
005 - DATE AND TIME OF LATEST TRANSACTION
control field 20190630221831.0
008 - FIXED-LENGTH DATA ELEMENTS--GENERAL INFORMATION
fixed length control field 970123s1983 my |||| ||||| | may d
040 ## - CATALOGING SOURCE
Original cataloging agency PPAK
Language of cataloging eng
Transcribing agency PPAK
Description conventions rda
082 04 - DEWEY DECIMAL CLASSIFICATION NUMBER
Classification number 297.124
Edition number 23
090 00 - LOCALLY ASSIGNED LC-TYPE CALL NUMBER (OCLC); LOCAL CALL NUMBER (RLIN)
Classification number (OCLC) (R) ; Classification number, CALL (RLIN) (NR) 297.124
Feature heading ALU
Feature heading G
100 1# - MAIN ENTRY--PERSONAL NAME
Personal name Al-Usfuri, Muhammad bin Abu Bakar,
Relator term author
245 10 - TITLE STATEMENT
Title Terjemah mawaa'idul usfuriyah :
Remainder of title petuah-petuah usfuriyah
264 #1 - PRODUCTION, PUBLICATION, DISTRIBUTION, MANUFACTURE, AND COPYRIGHT NOTICE
Place of production, publication, distribution, manufacture Kuala Lumpur :
Name of producer, publisher, distributor, manufacturer Al-Haramain ,
Date of production, publication, distribution, manufacture, or copyright notice 1983
300 ## - PHYSICAL DESCRIPTION
Extent 66 pages ;
Dimensions 21 cm
336 ## - CONTENT TYPE
Source rdacontent
Content type term text
337 ## - MEDIA TYPE
Source rdamedia
Media type term unmediated
338 ## - CARRIER TYPE
Source rdacarrier
Carrier type term volume
650 10 - SUBJECT ADDED ENTRY--TOPICAL TERM
Topical term or geographic name entry element Islam - Criticism, enterpretation, etc.
942 ## - ADDED ENTRY ELEMENTS (KOHA)
-- dc
Koha item type Book
Holdings
Withdrawn Not for loan Current library Shelving location Date acquired Full call number Barcode Date last seen Koha item type
    Perpustakaan Kulim Pinjaman Dewasa 01/04/1998 297.124 ALU A00120162 08/05/2018 Book
    Perpustakaan Kulim Pinjaman Dewasa 29/06/2003 297.124 ALU A00336919 08/05/2018 Book
    Perpustakaan Yan Pinjaman Dewasa 01/04/1998 297.124 ALU A00120163 08/05/2018 Book
    PD20, Felda Lubuk Merbau, Pendang Pinjaman Dewasa 01/04/1998 297.124 ALU A00120168 11/01/2022 Book